Introducción a la contabilidad financiera /

Guardado en:
Bibliografiske detaljer
Hovedforfatter: Horngren, Charles T. (autor)
Andre forfattere: Sundem, Gary L. (autor) (autor), Elliott, John A. (autor) (autor)
Format: Bog
Sprog:spansk
Udgivet: México : Prentice-Hall, 2000, c2000
Fag:
Tags: Tilføj Tag
Ingen Tags, Vær først til at tagge denne postø!

MARC

LEADER 00000nam^a2200000^a^4500
001 000164763
005 20250521000000.0
009 20260310100954.129
020 |a 970-17-0386-3 
037 |a Acervo ITESO - Biblioteca 
041 |a ESP 
082 |a 657. 48  |b HOR 
100 |a Horngren, Charles T.  |e (autor) 
240 1 1 |a [Contabilidad financiera: introducción] 
245 1 0 |a Introducción a la contabilidad financiera /  |c C.T. Horngren, G.L. Sundem, J.A. Elliott ; tr. por Luz María Hernández Rodríguez. 
264 4 |a México :  |b Prentice-Hall,  |c 2000, c2000 
300 |a XVI, 626, 40, 10, 10 p. 
336 |a texto  |b txt  |2 rdacontenido 
337 |a sin mediación  |b n  |2 rdamedio 
338 |a volumen  |b nc  |2 rdasoporte 
500 |a Traducción de: Introduction to Financial Accounting 
590 |a Traducción de la 7a edición en inglés 
649 |a XX 
650 |a Empresas Comerciales -  |x Contabilidad -  |x Tema Principal 
650 |a Balance General 
650 |a Crédito 
650 |a Ventas 
650 |a Flujo Monetario 
650 |a Inventarios 
650 |a Inversiones 
650 |a Estados Financieros 
650 |a Auditoría 
650 |a Evaluación del Desempeño 
650 |a Utilidad (Economía) 
650 |a Registros Contables 
650 |a Transacción 
650 |a Proceso de Datos 
650 |a Bases de Datos 
650 |a Sistemas de Información 
650 |a Informática 
650 |a Administración Financiera -  |x Tema Principal 
650 |a Contabilidad Financiera 
650 |a Ciencias Administrativas 
700 |a Sundem, Gary L.  |e (autor) 
700 |a Elliott, John A.  |e (autor) 
910 |a Fondo General 
920 |a Impresos - Libros 
930 |a Colección General 
905 |a 101 
901 |a 0500098972  |b IT1  |c ACC  |u 20250521 
901 |a 0500098975  |b IT1  |c ACC  |u 20250521 
902 |a https://opac.biblio.iteso.mx/vufind/Record/000164763